000 00313nam a2200121Ia 4500
008 231129s2005||||xx |||||||||||||| ||spa||
082 _aER- 377
100 _aLA TARDE
245 0 _aTreinta aƱos: testimonio de fe
260 _c2005
264 _aPereira: Panamericana Formas e Impresos 2005
942 _2ddc
_cBKS
999 _c25665
_d25665